| 000 | 00681nam a2200229Ia 4500 | ||
|---|---|---|---|
| 003 | OSt | ||
| 005 | 20220928140616.0 | ||
| 006 | a|||||r|||| 00| 0 | ||
| 007 | ta | ||
| 008 | 220927b |||||||| |||| 00| 0 eng d | ||
| 024 | _a9926 | ||
| 037 | _cTextual | ||
| 040 |
_aSDCL _cSDCL _beng |
||
| 041 |
_2eng _aeng |
||
| 082 | _aX:77.1(X)'N9, N4 | ||
| 100 |
_aSeidman Ann _9454145 |
||
| 245 | 0 |
_aState and law in the development Process _bProblem solving and institutional change in the third world |
|
| 260 | _c1994 | ||
| 700 |
_a Seidman Robert B _9489472 |
||
| 942 |
_hX:77.1(X)'N9, N4 _cTEXL _2CC |
||
| 999 |
_c812522 _d812522 |
||